000 00375nam a22001577a 4500
003 MPLRDC
005 20220104123658.0
008 210129b ||||| |||| 00| 0 eng d
082 _a429.12 BSSL
100 _a杉山四郎
245 _a生男生女随你意
_c
260 _a
_b新世界出版社
_c
300 _b
650 _a孕妇卫生
942 _cBK
_o429.12 BSSL
999 _c13320
_d13310